Govt. of
Madhya Pradesh

Narendra MODI (Record no. 68143)

MARC details
000 -LEADER
fixed length control field 00268nam a22001097a 4500
082 ## - DEWEY DECIMAL CLASSIFICATION NUMBER
Classification number 920/SIN
100 ## - MAIN ENTRY--AUTHOR NAME
Personal name Singh,Arvind
245 ## - TITLE STATEMENT
Title Narendra MODI
Sub Title Shaping Of The New World Order
260 ## - PUBLICATION, DISTRIBUTION, ETC. (IMPRINT)
Place of publication Mumbai
Name of publisher Saptahik Vivek
Year of publication 2023
650 ## - SUBJECT ADDED ENTRY--TOPICAL TERM
Topical Term Biography
942 ## - ADDED ENTRY ELEMENTS (KOHA)
Koha item type Books
Holdings
Withdrawn status Lost status Damaged status Not for loan Home library Current library Date acquired Cost, normal purchase price Full call number Accession Number Price effective from Koha item type
        MACL MACL 17/09/2025 1200.00 920/SIN CRE040289 17/09/2025 Books